Údaje, ktoré je podnikateľ povinný zverejniť

Postup a vzory podaní do Obchodného vestníka, ktoré majú podnikatelia sprístupniť verejnosti (žiadosť o zníženie základného imania akciovej spoločnosti, spoločnosti s ručením obmedzeným, oznámenie o vstupe spoločnosti do likvidácie, údaje z účtovnej uzávierky overenej audítorom, potrebné doklady).

Gespeichert in:
Bibliographische Detailangaben
1. Verfasser: Brenčičová, M.
Format: Buchkapitel
Sprache:Slowakisch
Schlagworte:
Tags: Tag hinzufügen
Keine Tags, Fügen Sie das erste Tag hinzu!

MARC

LEADER 00000naa a2200000 4500
001 r014291
005 20221213123542.2
041 0 |a slo 
044 |a SK 
245 1 0 |a Údaje, ktoré je podnikateľ povinný zverejniť  |c M. Brenčičová 
520 |a Postup a vzory podaní do Obchodného vestníka, ktoré majú podnikatelia sprístupniť verejnosti (žiadosť o zníženie základného imania akciovej spoločnosti, spoločnosti s ručením obmedzeným, oznámenie o vstupe spoločnosti do likvidácie, údaje z účtovnej uzávierky overenej audítorom, potrebné doklady). 
610 2 0 |a podnik 
610 2 0 |a spoločnosti akciové 
610 2 0 |a informácie 
610 2 0 |a Obchodný vestník 
610 2 0 |a zákonník obchodný 
100 1 |a Brenčičová, M.